| 000 | 01417nam a2200373 a 4500 | ||
|---|---|---|---|
| 003 | BLK | ||
| 005 | 20240201110343.0 | ||
| 008 | 180412b bul|||||r ||||||| ||bul|| | ||
| 010 | _aKNG00005719000 | ||
| 020 | _a954-07-0531-2 | ||
| 040 | _aBLK | ||
| 041 |
_aBUL _cBUL |
||
| 080 |
_aРаботно време. Отпуска _b349.235 _x(497.2)(042.3) _z349.235(497.2)(042.3) |
||
| 100 | 1 |
_aСредкова, Красимира _eпърви автор _9248842 |
|
| 139 |
_aСредкова, Красимира _bС 60 |
||
| 245 | 1 | 0 |
_aТрудово право на Република България _bОтпуски : Лекции _cКрасимира Средкова; Красимира Средкова Иванова. |
| 257 | _aBGR | ||
| 260 |
_aСофия _bУнив. изд. Св. Климент Охридски _c1994 |
||
| 300 |
_a46 с. _c19 см |
||
| 380 | _a3 | ||
| 650 | 4 |
_aТрудово право - България _9248377 |
|
| 650 | 4 |
_aОтпуски - България - правни въпроси _9248379 |
|
| 653 | _aправо | ||
| 653 | _aрепублика | ||
| 653 | _aБългария | ||
| 700 | 1 |
_aИванова, Красимира Средкова _9248843 |
|
| 852 |
_aЦб 180433 _bЦб |
||
| 856 | 4 |
_qpdf _u |
|
| 856 | 4 |
_qpdf _u |
|
| 942 |
_cKNG _n0 |
||
| 944 |
_aCR _c15.01.2003 _k30534 _lРадостина Карадакова |
||
| 944 |
_aED _c18.08.2005 |
||
| 999 |
_c4570 _d4570 |
||
| 999 | _d4570 | ||